| 000 | 00867nam a22002177a 4500 | ||
|---|---|---|---|
| 003 | OSt | ||
| 005 | 20260124084758.0 | ||
| 008 | 230612b ||||| |||| 00| 0 eng d | ||
| 040 | _cSSBUL | ||
| 041 | _ashan | ||
| 082 |
_223 _a895.9194 |
||
| 100 | 0 |
_aၼုမ်ႇၸၢမ်ၶၢဝ်။ _925748 |
|
| 245 | 1 | 0 |
_aၼုမ်ႇၼုမ်ႇဢွၼ်ႇၼမ်ႉၶမ်း ------ ႁဝ်းႁၵ်ႉသူတေႉယူႇၵေႃႈ / _cၼုမ်ႇၸၢမ်ၶၢဝ်။ |
| 260 |
_aဝဵင်းလိူဝ်ႇ၊ _bၽူၼ်ၶၢဝ်၊ _c2010 ။ |
||
| 300 |
_a147 ၼႃႈ၊ _bပႃးၶႅပ်းႁၢင်ႈ(သီ)၊ _c20 ၸိၼ်ႇတီႇ။ |
||
| 500 | _aS-SAT: Dr. Prof Sai Aung Tun | ||
| 650 |
_aလိၵ်ႈႁွမ်တွမ် _920801 |
||
| 942 | _cBK | ||
| 942 | _2ddc | ||
| 942 | _2ddc | ||
| 999 |
_c25636 _d25636 |
||